| 000 | 00700nam a2200217 a 4500 | ||
|---|---|---|---|
| 999 |
_c9958 _d9958 |
||
| 001 | 9958 | ||
| 003 | BD-JhCC | ||
| 005 | 20180403194012.0 | ||
| 008 | 180403s1976 ii |||| |||| 000 0 ben d | ||
| 035 | _a(BD-JhCC)9958 | ||
| 040 |
_aBD-JhCC _dBD-JhCC |
||
| 041 | _aben | ||
| 082 |
_a820 _bOSK 1976 |
||
| 245 |
_aঅসকার ওয়াইল্ড রচনাসমগ্র : _bপ্রথম খন্ড / _cসুনীলকুমার ঘোষ [অনু.] |
||
| 260 |
_aকলকাতা : _bতুলি-কলম, _c1976. |
||
| 300 |
_a496 p. : _c22 cm. |
||
| 650 | _anglish Literature | ||
| 700 | _aঘোষ, সুনীলকুমার | ||
| 942 |
_2ddc _cBK |
||